000 00565cam5a220015700 4500
005 20190819094349.0
008 000225
020 _a9964701861
035 _a(Sirsi) a142339
050 0 _aJX1861.G5
_bQua 1995
100 1 _aQuarm,S.E.
_6A112363.1
245 1 0 _aDiplomatic servant :
_breflections of a pioneer in Ghana's diplomatic service /
_cS.E.Quarm
260 _aAccra :
_bAfrican Publications(Ghana),
_c1995.
350 _a25
650 0 _aDiplomatic and consular service -- Ghana
_zDiplomatic and consular service -- Ghana
_6S85379.1
999 _c99247
_d99247